LEADER 01325naa a2200253 u 4500 001 000000094639 003 CaOOAMICUS 005 20210521124014.0 008 040510s1959 it u000 u ita u 032 $aLibriCat 035 $a10994286 040 $aIAR$bita 100 1 $aCalasso, Francesco,$d1904-1965.$0(OLS)http://pul/name/7428 245 13$aLa cittą nell'Italia meridionale dal sec. IX al XI /$cFrancesco Calasso. 260 $aSpoleto :$bCentro italiano di studi sull'alto Medioevo,$c1959. 300 $aS. 39-64, ;$c26 cm 773 0 $aAtti del 3. Congresso Internazionale di Studi sull'Alto Medioevo (1956) 773 0 $aAtti del 3. Congresso Internazionale di Studi sull0Alto Medioeva (1956) 773 0 $aAtti del 3. Congresso Internazionale di Studi sull'Alto Medioevo (1956) 773 0 $aAtti del 3. Congresso Internazionale di Studi sull0Alto Medioeva (1956) 773 0 $aCongresso internazionale di studi sull'alto Medioevo.$tAtti del 3. Congresso internazionale di studi sull'alto Medioevo : Benevento, Montevergine, Salerno, Amalfi, 14-18 ottobre 1956$w()15959 996 $6245$aLa cittą nell'Italia meridionale dal sec. IX al XI$9(OLS)http://pul/title/121510 996 $6260$aSpoleto :$bCentro italiano di studi sull'alto Medioevo$9(OLS)http://pul/publisher/48572 LEADER 01105nam a2200265 u 4500 001 000000111731 003 CaOOAMICUS 005 20080519140051.0 008 080519s2005 it u000 u ita u 020 $a88-217-2149-3 040 $aPUL$bita$dMCT 100 1 $aMagliulo, Federico.$0(OLS)http://pul/name/68697 245 13$aLa fusione delle societą /$cFederico Magliulo. 260 $a[S.l.] :$bIpsoa,$c2005. 300 $aXXIII, 477 p. ;$c24 cm. 490 1 $aNotariato e nuovo diritto societario ;$v5 504 $aInclude riferimenti bibliografici. 650 4$aDiritto societario.$0(OLS)http://pul/subject/29527 830 0$aNotariato e nuovo diritto societario ;$v5.$0(OLS)http://pul/title/139217 850 $aPUL 852 $aPUL$W1$xSL Diritto e Scienze Sociali 3$y79$m346. 4506 COLL 1.5$j128031$qDDC 21$B126772$CPULBib$Z2$F126772 $H107516 $82 941 1 $a9 996 $6020$a88-217-2149-3$9(OLS)http://pul/number/138088 996 $6245$aLa fusione delle societą$9(OLS)http://pul/title/140529 996 $6260$a[S.l.] :$bIpsoa$9(OLS)http://pul/publisher/77155